000 00200 a2200097 4500
001 10109
100 _aGunther, J
245 _aBritish constitution
260 _a
_bCambridge
_c
090 _c7860
_d7860
942 _aNUST-CAE
_cM
_c34556
999 _c245182
_d245182